| 000 -LEADER |
| fixed length control field |
05062cam a22004577i 4500 |
| 001 - CONTROL NUMBER |
| control field |
19608144 |
| 003 - CONTROL NUMBER IDENTIFIER |
| control field |
NUST |
| 005 - DATE AND TIME OF LATEST TRANSACTION |
| control field |
20180117090032.0 |
| 008 - FIXED-LENGTH DATA ELEMENTS--GENERAL INFORMATION |
| fixed length control field |
170425t20172017dcua b i000 0 eng d |
| 010 ## - LIBRARY OF CONGRESS CONTROL NUMBER |
| LC control number |
2016364056 |
| 020 ## - INTERNATIONAL STANDARD BOOK NUMBER |
| International Standard Book Number |
9781513514277 |
| Qualifying information |
(paperback) |
| 020 ## - INTERNATIONAL STANDARD BOOK NUMBER |
| International Standard Book Number |
151351427X |
| Qualifying information |
(paperback) |
| 035 ## - SYSTEM CONTROL NUMBER |
| System control number |
(OCoLC)ocn964384009 |
| 040 ## - CATALOGING SOURCE |
| Original cataloging agency |
YDX |
| Language of cataloging |
eng |
| Transcribing agency |
YDX |
| Description conventions |
rda |
| Modifying agency |
BTCTA |
| -- |
DJB |
| -- |
DLC |
| 042 ## - AUTHENTICATION CODE |
| Authentication code |
lccopycat |
| 050 00 - LIBRARY OF CONGRESS CALL NUMBER |
| Classification number |
HG3881 |
| Item number |
.F76 2017 |
| 082 ## - DEWEY DECIMAL CLASSIFICATION NUMBER |
| Classification number |
332.46 |
| 245 00 - TITLE STATEMENT |
| Title |
From great depression to great recession : |
| Remainder of title |
the elusive quest for international policy cooperation / |
| Statement of responsibility, etc. |
editors Atish R. Ghosh and Mahvash S. Qureshi. |
| 264 #1 - PRODUCTION, PUBLICATION, DISTRIBUTION, MANUFACTURE, AND COPYRIGHT NOTICE |
| Place of production, publication, distribution, manufacture |
Washington, DC : |
| Name of producer, publisher, distributor, manufacturer |
International Monetary Fund, |
| Date of production, publication, distribution, manufacture, or copyright notice |
[2017] |
| 264 #4 - PRODUCTION, PUBLICATION, DISTRIBUTION, MANUFACTURE, AND COPYRIGHT NOTICE |
| Date of production, publication, distribution, manufacture, or copyright notice |
©2017 |
| 300 ## - PHYSICAL DESCRIPTION |
| Extent |
xvii, 238 pages : |
| Other physical details |
illustrations (some color) ; |
| Dimensions |
23 cm |
| 336 ## - CONTENT TYPE |
| Content type term |
text |
| Content type code |
txt |
| Source |
rdacontent |
| 337 ## - MEDIA TYPE |
| Media type term |
unmediated |
| Media type code |
n |
| Source |
rdamedia |
| 338 ## - CARRIER TYPE |
| Carrier type term |
volume |
| Carrier type code |
nc |
| Source |
rdacarrier |
| 504 ## - BIBLIOGRAPHY, ETC. NOTE |
| Bibliography, etc. note |
Includes bibliographical references and index. |
| 505 0# - FORMATTED CONTENTS NOTE |
| Formatted contents note |
Foreword -- Preface -- Abbreviations -- Contributors -- 1. From great depression to great recession: an overview / Atish R. Ghosh, Mahvash S. Qureshi -- Part I. Prespectives from the past: secular stagnation and asymmetric burden of adjustment -- 2. Learning lessons from previous crises: the capital account and the current account / Harold James -- 3. Debastes about economic adjustment in Europe before the Euro / Emmanuel Mourlon-Druol -- 4. Coordination failures during and after Bretton Woods / Catherine R. Schenk -- 5. Capital flows and intenational order: trilemmas and trde-offs from macroeconomics to political economy and international relations / Michael D. Bordo and Harold James -- Part II. Internationa monetary negoriations and the international monetary system -- 6. Forgotten foundations of Bretton Woods / Eric Helleiner -- Hurling BRICS at the international monetary system / Benn Steil -- 8. The IMF is--or was?--the keystone of the international financial system / James M. Boughton -- Part III. Currency wars and secular stagnation--the new normal? -- 9. Reform of the international monetary system: a modest proposal / Richard N. Cooper -- 10. Global bond market spillovers from monetary policy and reserve management / Rober N. McCauley -- 11. International liquidity and overnance / Edwin M. Truman -- Part IV. Prospects for the future: toward a more cooperative system -- 12. Three myths about international policy coordination / Atish R. Ghosh -- 13. Moving toward a more cooperative international monetarysystem / Maurice Obstfeld -- 14. Reforming the global reserve system / José Antonio Ocampo -- 15. Macroeconomic policy: what and how to coordinate internationally / Alexander K. Swoboda -- 16. Toward a more cooperative international monetary system: some remarks / Paul A. Volcker -- 17. Toward a more stable international monetary system: key takeaways / Atish R. Ghosh and Mahvash S. Quresh -- Index. |
| 520 3# - SUMMARY, ETC. |
| Summary, etc. |
The global financial crisis and the ensuing Great Recession raised concerns about adjustment fatigue, deflation, currency wars, and secular stagnation that presented a sense of déjà vu: similar concerns had arisen at the time of the Great Depression and at the end of World War II. As with earlier crises, these concerns prompted calls for greater international policy cooperation-both to achieve a sustainable recovery from the crisis and to prevent future crises. This volume compiles papers from a 2015 symposium of eminent scholars convened by the IMF to discuss how history can inform current debates about the functioning and challenges of the international monetary system. An introductory chapter sets the stage for the other chapters in the volume by giving a broad overview of the performance of the international monetary system over the past century, highlighting the key events and challenges that shaped it. Subsequent sections look at historical antecedents of today's challenges, describe how the modern international monetary system has been-and continues to be-shaped through international financial diplomacy, provide a present-day perspective, and examine the analytics of international policy coordination. |
| 530 ## - ADDITIONAL PHYSICAL FORM AVAILABLE NOTE |
| Additional physical form available note |
Also available online. |
| 650 #0 - SUBJECT ADDED ENTRY--TOPICAL TERM |
| Topical term or geographic name entry element |
Monetary policy |
| General subdivision |
International cooperation. |
| 9 (RLIN) |
5657 |
| 650 #0 - SUBJECT ADDED ENTRY--TOPICAL TERM |
| Topical term or geographic name entry element |
Economic policy |
| General subdivision |
International cooperation. |
| 9 (RLIN) |
5658 |
| 650 #0 - SUBJECT ADDED ENTRY--TOPICAL TERM |
| Topical term or geographic name entry element |
Recessions. |
| 9 (RLIN) |
5659 |
| 650 #0 - SUBJECT ADDED ENTRY--TOPICAL TERM |
| Topical term or geographic name entry element |
Depressions |
| Chronological subdivision |
1929. |
| 9 (RLIN) |
5660 |
| 700 1# - ADDED ENTRY--PERSONAL NAME |
| Personal name |
Ghosh, Atish R., |
| Relator term |
editor. |
| 9 (RLIN) |
5661 |
| 700 1# - ADDED ENTRY--PERSONAL NAME |
| Personal name |
Qureshi, Mahvash Saeed, |
| Relator term |
editor. |
| 9 (RLIN) |
5662 |
| 710 2# - ADDED ENTRY--CORPORATE NAME |
| Corporate name or jurisdiction name as entry element |
International Monetary Fund, |
| Relator term |
publisher. |
| 9 (RLIN) |
5663 |
| 776 08 - ADDITIONAL PHYSICAL FORM ENTRY |
| Relationship information |
Online version: |
| Title |
From great depression to great recession. |
| Place, publisher, and date of publication |
Washington, DC : International Monetary Fund, [2017] |
| Record control number |
(OCoLC)981124737 |
| 906 ## - LOCAL DATA ELEMENT F, LDF (RLIN) |
| a |
7 |
| b |
cbc |
| c |
copycat |
| d |
2 |
| e |
ncip |
| f |
20 |
| g |
y-gencatlg |
| 942 ## - ADDED ENTRY ELEMENTS (KOHA) |
| Source of classification or shelving scheme |
|
| Koha item type |
Book |